000 00350nam a2200169Ia 4500
100 _aMAURUS/J.
650 _aPHILOPSOPHY
942 _cBK
366 _f25
654 _aJOY OF LIVING
245 _aJOY OF LIVING
260 _bBETTER YOURSELF BOOK
_aBandra
_c2004
082 _a170/MAU
_bMAU
300 _a167
546 _aENGLISH
999 _c34085
_d34085